000 00332nam a2200121 a 4500
005 20141022142009.0
008 120229s19uu xx 00 eng d
050 _aCD-ROM
_bSa5 2006
245 _aEducational psychology classroom update :
_bpreparing for PRAXIS and practice.
250 _a2nd ed.
260 _c2006.
942 _cAVM
999 _c276673
_d276673